Bayna al-baḥr wa-al-ṣaḥrāʼ /
Main Author:
Format: Book
Language: Arabic
Published:
Miṣr :
Dār al-Maʻārif,
1946.
Series:
Iqraʼ (Cairo, Egypt) ;
49.
Subjects:
Tags: Add Tag
Call Number: PJ7840 .A323 B38 1946
| LEADER | 01061nam a2200241Ia 4500 | ||
|---|---|---|---|
| 003 | OSt | ||
| 005 | 20231204103520.0 | ||
| 008 | 130303s1946 ua 000 0 ara d | ||
| 952 | |0 0 |1 0 |2 lcc |4 0 |6 PJ7840 A323 B38 01946 |7 1 |9 57256 |a ARCE |b ARCE |d 2023-12-04 |l 0 |o PJ7840 .A323 B38 1946 |p 1020829 |r 2023-12-04 00:00:00 |w 2023-12-04 |y BK | ||
| 999 | |c 27511 |d 27511 | ||
| 040 | |c ARCE Library | ||
| 050 | 4 | |a PJ7840 .A323 B38 1946 | |
| 100 | 1 | |6 880-01 |a Jabrī, Shafīq, |e author | |
| 245 | 1 | 0 | |6 880-02 |a Bayna al-baḥr wa-al-ṣaḥrāʼ / |c Shafīq Jabrī. |
| 264 | 1 | |a Miṣr : |b Dār al-Maʻārif, |c 1946. | |
| 300 | |a 117 pages ; |c 17 cm | ||
| 490 | 0 | |a Iqraʼ (Cairo, Egypt) ; |v 49. | |
| 650 | 0 | |a Arabic poetry |x History and criticism. | |
| 650 | 0 | |a Arabic literature. | |
| 880 | 1 | |6 100-01/(3/r |a جبري، شفيق | |
| 880 | 1 | 0 | |6 245-02/(3/r |a بين البحر و الصحراء |c شفيق جبري. |
| 901 | |a reviewed | ||
| 942 | |c BK |2 lcc | ||
